Регионална библиотека "Любен Каравелов" - Русе

Аскетика (Запис номер 150150)

MARC детайли
000 -Лидер
Контролно поле с фиксирана дължина nam a22 a 4500
003 - Код на организацията, давaща контролен номер
Контролно поле BLK
005 - Дата и час на последна редакция
Контролно поле 20230418173036.0
008 - Елементи от данни с фиксирана дължина
fixed length control field 180410b bul|||||r ||||||| ||bul||
010 ## - Наследен системен номер
LC control number KNG00156460000
040 ## - Източник на каталожния запис
Идентификатор на билиотеката - собственик на записа BLK
041 ## - Код за език
Код за езика на текст/звукозапис или на отделно заглавие Български
Код за езика КДБФ Български
080 ## - УДК
Текстов определител УДК Новогръцка литература
УДК код - определител по УДК 821.146
УДК определител -4
УДК - код + определител 821.146-4
100 1# - Редна дума - Автор
Автор Казандзакис, Никос
Авторска отговорност първи автор
R(LIN) 376216
139 ## - Редно поле
Редна дума Казандзакис, Никос
Авторски знак Кад - К 13
245 10 - Сведения за заглавието
Заглавие Аскетика
Редно поле (дума) Никос Казандзакис; прев. от гр. Панос Статоянис.
257 ## - Страна на издаване
Страна на създаване/издаване Гърция
260 ## - Област на издателските данни
Място на издаване, разпространение и проч. София
Име на издателя, разпространителя и проч. Архетип
Година на издаване 1993
300 ## - Физическа характеристика
Страници 94 с.
Размери/Мащаб 20 см
380 ## - Жанр
Жанр Худож. лит.
500 ## - Общи забележки
Забележка Кор. опис. - Ориг. загл. Askitiki / Nikos Kazandzakis. - Офс. изд.
653 ## - Ключова дума – ненормативна
Ключова дума есета
700 1# - Други автори (авторска отговорност)
Лично име Статоянис, Панос
Автороска отговорност (Описва отношението между автора и произведението) прев. от гр.
9 (RLIN) 124046
852 ## - Местоположение
Форматна сигнатура Цб 173166
Фондова буква Хранилище
856 4# - Електронен адрес и достъп
Електронен формат pdf - файл
Инструкция (цена за достъп) 0.00
Права за достъп disable
856 4# - Електронен адрес и достъп
Електронен формат pdf - файл
Инструкция (цена за достъп) 0.00
Права за достъп disable
999 ## - СИСТЕМНИ КОНТРОЛНИ НОМЕРА
Koha biblionumber 150150
Koha biblioitemnumber 150150
942 ## - АРТИКУЛИ
Вид на библиотечния материал Книги
Скрит в OPAC Не
Koha issues (borrowed), all copies 1
Периодичен библиозапис Да
944 ## - СЪЗДАВАНЕ И РЕДАКЦИЯ на ЗАПИСА
Създаване/Редакция Създаване
Дата на регистрацията/редакция 11.02.2014
Статус, дата на статуса ф /
Служител, извършил регистрацията/редакцията Людмила_Стоянова
944 ## - СЪЗДАВАНЕ И РЕДАКЦИЯ на ЗАПИСА
Създаване/Редакция Редакция
Дата на регистрацията/редакция 28.03.2014
Статус, дата на статуса ф /
999 ## - СИСТЕМНИ КОНТРОЛНИ НОМЕРА
Koha biblioitemnumber 150150
Наличности
Код за отписване Код за изгубен артикул Код за повреда Коз за рестрикции Код за отдаване Артикулен № Име на библиотеката - собственик Име на библиотеката, в която се намира в момента Статус (Текущо местоположение) Дата на вписване в системата Местоположение - отдел Цена в лева Инвентарен номер Систематично азбучна сигнатура Баркод Номер на екземпляра Цена в евро Служебна бележка Служебен тип на артикула Източник на класификационната схема
  Не е изгубен Не е повреден без рестрикции заемане за дома 250752 Регионална библиотека "Любен Каравелов" Русе Регионална библиотека "Любен Каравелов" Русе Заемна - подръчен фонд 2014-02-07 Заемна - подръчен фонд 7.00 120000774381 П 877.4-4/К 13 120000774381 1 3.58 Дост: DA Вид: А N: 3 Дата: 07.02.2014 Дата инв: 09.02.2018 Бележки инв: П2018 Книги  
  Не е изгубен Не е повреден без рестрикции ползва се в читалня 250753 Регионална библиотека "Любен Каравелов" Русе Регионална библиотека "Любен Каравелов" Русе Хранилище 1993-01-01 Хранилище 0.56 580004 Цб 173166 120000580004 2 0.29 Дост: Dp Вид: Д N: стар фонд Дата: 01.01.1993 Книги Universal Decimal Classification
Vip Innovations Ltd, Rousse, Bulgaria 2025